00172 a2200073 450000100060000010000220000624500470002826000230007525484 aMarkushevich, A I aTheory of fuunctions of a complex variable abPrenttice Hallc